|
|
|
|
| LEADER |
00963nam a2200265 a 4500 |
| 001 |
2689985 |
| 003 |
BD-DhAAL |
| 008 |
100119s1976 nyua b 001 0 eng d |
| 999 |
|
|
|c 7086
|d 7086
|
| 010 |
|
|
|a 75029037
|
| 020 |
|
|
|a 0394301056
|
| 040 |
|
|
|a DLC
|c DLC
|d DLC
|d DB-DhAAL
|
| 082 |
0 |
0 |
|a 301.32
|
| 100 |
1 |
|
|a Thomlinson, Ralph.
|9 29562
|
| 245 |
1 |
0 |
|a Population dynamics :
|b causes and consequences of world demographic change /
|c Ralph Thomlinson.
|
| 250 |
|
|
|a 2nd edition
|
| 260 |
|
|
|a New York :
|b Random House,
|c c1976.
|
| 300 |
|
|
|a xvii, 653 pages :
|b illustrations ;
|c 24 cm.
|
| 504 |
|
|
|a Includes bibliographical references and indexes.
|
| 541 |
1 |
|
|e 00001233
|
| 650 |
|
0 |
|a Population.
|9 29563
|
| 650 |
|
0 |
|a Demography.
|9 29564
|
| 852 |
4 |
|
|a Ayesha Abed Library
|j General Shelf.
|
| 942 |
|
|
|2 ddc
|c BK
|
| 952 |
|
|
|0 0
|1 0
|2 ddc
|4 0
|6 301_320000000000000_THO_1976
|7 0
|9 7359
|a BRACUL
|b BRACUL
|c GEN
|d 2010-01-21
|g 1395.00
|l 0
|o 301.32 THO
|p 3010001233
|r 2010-01-21
|t 1
|w 2010-01-21
|y BK
|